Normal view
MARC view
- Lakhwira, Niaz Hussain
Entry Personal Name
001 - CONTROL NUMBER
- control field: 17597
003 - CONTROL NUMBER IDENTIFIER
- control field: NUST
005 - DATE AND TIME OF LATEST TRANSACTION
- control field: 20190714060344.0
008 - FIXED-LENGTH DATA ELEMENTS
- fixed length control field: 190714|| aca||aabn | a|a d
040 ## - CATALOGING SOURCE
- Original cataloging agency: NUST
- Transcribing agency: NUST
100 ## - HEADING--PERSONAL NAME
- Personal name: Lakhwira, Niaz Hussain
670 ## - SOURCE DATA FOUND
- Source citation: Work cat.: (NUST): Lakhwira, Niaz Hussain, Kach Di Duniya /, 1990.
